| 000 | 00565nam a2200193Ia 4500 | ||
|---|---|---|---|
| 003 | IN-BaIIA | ||
| 008 | 211028s9999 xx 000 0 eng d | ||
| 040 | _cIIA Library | ||
| 080 |
_a083.7:621.9 _bISI |
||
| 110 | _aIndian Standards Institution | ||
| 245 | 0 |
_aIndian standard dimensions of self-holding tapers _cIndian Standards Institution |
|
| 260 |
_aNew Delhi _bIndian Standards Institution _c1973 |
||
| 300 | _a8p. | ||
| 500 | _aIS 1715 : 1973 | ||
| 650 | _a Standards | ||
| 650 |
_a Tapers-Standards _99091 |
||
| 650 | _aNASA Thesaurus | ||
| 942 | _cBK | ||
| 999 |
_c5214 _d5214 |
||